| 000 | 00987cad a22002415a 4500 | ||
|---|---|---|---|
| 001 | L146245 | ||
| 008 | 081217e20081217xxkd f f000 0 eng d | ||
| 035 | _a(Sirsi) u146245 | ||
| 041 | 0 | _aeng | |
| 050 | 0 | 4 | _a711.26 $2 18 |
| 110 | 2 |
_aUnited Kingdom _bCabinet Office _95270 |
|
| 245 | 0 | 2 |
_aA national flood emergency framework _bproposals for consultation _h[eelctronic resource] |
| 260 |
_aLondon _bDEFRA _c2008 |
||
| 520 | _aConsultation seeks to gather views on a policy framework for flood emergency planning. | ||
| 520 | _aAll responses to the consultation must be received by 27 March 2009. | ||
| 521 | _aAdvanced | ||
| 590 | _aKA NTK | ||
| 651 | 4 |
_aEngland and Wales _y1543- |
|
| 690 | _aENVIRONMENTAL AND LAND CONSULTANCY-WATER RESOURCE MANAGEMENT-FLOODING | ||
| 710 | 1 |
_aUnited Kingdom _bEnvironment Agency _95159 |
|
| 856 | 4 | 0 |
_uhttps://www.defra.gov.uk/corporate/consult/flood-emergency/index.htm _zView the item free of charge online at www.defra.gov.uk... |
| 942 | _n0 | ||
| 999 |
_c109084 _d109084 |
||